000
00451nam a2200133Ia 4500
008
100328s9999 xx 000 0 und d
082
_b
60751
100
_a
तासगावकर शशिकांत.
245
_a
मनुस्मृतीचे सावट.
260
_b
मनोकामना.
630
_a
मनुस्मृतीचे सावट.
730
_a
मनुस्मृतीचे सावट.
942
_c
BOOK
999
_c
546875
_d
546872